Časti strojov 1 pre 2. ročník SPŠ strojníckych

Bibliographic Details
Main Authors: Kříž, Rudolf (Author), Audyová, Jiřina (Author), Martinisko, Cyril (Author), Weigner, Karel (Author)
Other Authors: Mattonová, Judita (Translator)
Format: Book
Language:Slovak
PhysicalDescription:207 s. Sch., tab. 24 cm
Published: Bratislava Alfa-press 1995
ISBN:8088811031
Edition:1. vyd., Celkove 4. vyd.
Subjects:

MARC

LEADER 00000nam a2200000 a 4500
001 vtls001103934
003 SK-MaSNL
005 20260301183009.0
008 240226s1995 xo aap r yy slo
015 |a SNBA1996/0200452 
020 |a 8088811031 
035 |a SNK000046776 
035 |a urn:nbn:sk:snk-amkee4 
035 |a urn:nbn:sk:snk-am003te6 
035 |a CC25279A-B73C-4544-B8A8-7B73E58F9F62 
040 |a SNK  |b slo  |c SNK  |e AACR2 
041 0 |a slo 
044 |a xo  |c SK 
080 |a 621.81(075.3)  |2 1981 
245 0 0 |a Časti strojov 1 pre 2. ročník SPŠ strojníckych  |c Rudolf Kříž ... [et al.] 
250 |a 1. vyd., Celkove 4. vyd. 
260 |a Bratislava  |b Alfa-press  |c 1995 
300 |a 207 s.  |b Sch., tab.  |c 24 cm 
500 |a Z čes. orig. prel. Judita Mattonová 
504 |a Bibliogr. s. 202. Reg. 
650 0 7 |a časti strojov  |x učebnice stred. priem. škôl strojníckych (2. roč.)  |2 SNK  |9 557662 
655 7 |a učebnice  |2 SNK  |9 22521 
700 1 |a Kříž, Rudolf  |4 aut  |9 45070 
700 1 |a Audyová, Jiřina  |4 aut  |9 367916 
700 1 |a Martinisko, Cyril  |4 aut  |9 45571 
700 1 |a Weigner, Karel  |4 aut  |9 47730 
700 1 |a Mattonová, Judita  |4 trl  |9 45618 
919 |a 80-88811-03-1 
958 |a OND 
958 |a TL 
958 |a OP 
958 |a NS 
958 |a CZ 
958 |a UC 
968 |b ČES 
999 |c 855502  |d 857432 
952 |a SNK  |b SNK  |y PREZ  |7 0  |p 17A1014142  |o snkSC 89606/1  |0 0  |1 0  |4 0  |d 2012-08-21  |f 1  |l 0  |r 2025-09-09 00:00:00  |w 2026-02-24 
952 |t P60, <09>, [BOOK], {629}  |a SNK  |b SNK  |y NEVYP  |7 0  |o snkC 2203  |i snk4294/951214  |0 0  |1 0  |4 0  |d 1995-12-13  |l 0  |r 2004-12-31 00:00:00  |w 2026-02-24 
952 |t P60, <03>, [BOOK], {603}  |a SNK  |b SNK  |y PREZ  |7 0  |o snkSC 89606/1  |i snkKSP 10568/95  |0 0  |1 0  |4 0  |d 1995-12-13  |l 0  |r 2004-12-31 00:00:00  |w 2026-02-24 
952 |t P60, <04>, [BOOK], {604}  |a SNK  |b SNK  |y VYP  |7 0  |p 17A0005834  |o snkSC 89606/1 D1  |i snkKSP 10569/95  |0 0  |1 0  |4 0  |d 1995-12-13  |l 0  |r 2004-12-31 00:00:00  |w 2026-02-24